Datum a čas kvízu
34
Celkem bodů
Celkový počet nahraných bodů na tomto kvízu bez doplňovacích otázek.
3.
Pořadí na kvízu
Konečné umístění týmu na tomto kvízu.
Zaznamenané odpovědi
| # | Otázka | Odpověď | Body | Výsledky |
|---|---|---|---|---|
| 1. | Neustálé zdražování služeb Čes... | Zásilkovna | 1 | |
| 2. | Saúdská Arábie jmenovala svoji... | Spojené státy americké | 0 | |
| 3. | Jak se nazývá snímek, který v... | Zelená kniha | 1 | |
| 4. | Dva obchodní řetězce ze skupin... | Billa, Penny Market | 1 | |
| 5. | Kterému z těchto týmů se nepod... | C | 1 | |
| 6. | Cestovatel Miroslav Zikmund os... | Tatra 87 | 0 | |
| 7. | Dne 31. července 1947, což byl... | Tobruk | 1 | |
| 8. | Cestovatelé si samozřejmě nemo... | Zambezi | 1 | |
| 9. | V prvním červencovém týdnu se... | Copacabana | 1 | |
| 10. | Kdo by se chtěl o výpravách ob... | ve Zlíně | 0 |